What the CEO Wants You to Know How Your Company Really Works
Salvato in:
| Autore principale: | |
|---|---|
| Natura: | Libro |
| Lingua: | inglese |
| Pubblicazione: |
London
Random House Business Books
2018
|
| Soggetti: | |
| Tags: |
Nessun Tag, puoi essere il primo ad aggiungerne!!
|
MARC
| LEADER | 00000nam a2200000 4500 | ||
|---|---|---|---|
| 001 | 0252858 | ||
| 005 | 20240425121805.7 | ||
| 020 | |a 9781847942180 | ||
| 020 | |a 978-1-847-94218-0 | ||
| 041 | 0 | |a eng | |
| 044 | |a GB | ||
| 245 | 1 | 0 | |a What the CEO Wants You to Know |b How Your Company Really Works |c Ram Charan |
| 264 | 1 | |a London |b Random House Business Books |c 2018 | |
| 300 | |a 170 s. | ||
| 610 | 2 | 0 | |a podnik |
| 610 | 2 | 0 | |a podnikanie |
| 610 | 2 | 0 | |a myslenie ekonomické |
| 610 | 2 | 0 | |a ciele podnikové |
| 610 | 2 | 0 | |a peniaze |
| 610 | 2 | 0 | |a exekúcia |
| 610 | 2 | 0 | |a personál |
| 610 | 2 | 0 | |a CEO |
| 610 | 2 | 0 | |a agenda osobná |
| 610 | 2 | 0 | |a stratégia podniková |
| 100 | 1 | |a Charan, Ram | |